<?xml version="1.0" encoding="UTF-8"?>
<marc:record xmlns:marc="http://www.loc.gov/MARC21/slim">
   <marc:leader>00000nam a2200000 a 4500</marc:leader>
   <marc:datafield ind1="1" ind2=" " tag="100">
      <marc:subfield code="a">Darnell, Melissa</marc:subfield>
      <marc:subfield code="4">aut</marc:subfield>
      <marc:subfield code="e">Verfasser/-in</marc:subfield>
   </marc:datafield>
   <marc:datafield ind1="1" ind2=" " tag="100">
      <marc:subfield code="a">Mavek, Peer</marc:subfield>
      <marc:subfield code="4">trl</marc:subfield>
      <marc:subfield code="e">Übersetzer/-in</marc:subfield>
   </marc:datafield>
   <marc:datafield ind1="1" ind2=" " tag="100">
      <marc:subfield code="a">Darnell, Melissa</marc:subfield>
   </marc:datafield>
   <marc:datafield ind1=" " ind2=" " tag="653">
      <marc:subfield code="a">Fantastische Literatur</marc:subfield>
   </marc:datafield>
   <marc:datafield ind1=" " ind2=" " tag="653">
      <marc:subfield code="a">Erzählende Literatur: Gegenwartsliteratur ab 1945</marc:subfield>
   </marc:datafield>
   <marc:datafield ind1="0" ind2="0" tag="245">
      <marc:subfield code="a">Herzblut - gegen alle Regeln</marc:subfield>
   </marc:datafield>
   <marc:datafield ind1="0" ind2="0" tag="245">
      <marc:subfield code="b">Roman</marc:subfield>
   </marc:datafield>
   <marc:datafield ind1="0" ind2="0" tag="245">
      <marc:subfield code="c">Melissa Darnell. Aus dem Amerikan. von Peer Mavek</marc:subfield>
   </marc:datafield>
   <marc:datafield ind1=" " ind2="1" tag="264">
      <marc:subfield code="a">Hamburg</marc:subfield>
      <marc:subfield code="b">Harlequin Enterprises</marc:subfield>
      <marc:subfield code="c">2013</marc:subfield>
   </marc:datafield>
   <marc:datafield ind1="1" ind2=" " tag="490">
      <marc:subfield code="a">Mira Taschenbuch</marc:subfield>
   </marc:datafield>
   <marc:datafield ind1=" " ind2=" " tag="250">
      <marc:subfield code="a">Dt. Erstveröff., 1. Aufl.</marc:subfield>
   </marc:datafield>
   <marc:datafield ind1="1" ind2=" " tag="520">
      <marc:subfield code="a">Angaben aus der Verlagsmeldung

Herzblut - Gegen alle Regeln The Clann-Series 1: Crave / von Melissa Darnell

Eine verbotene Liebe, Blutsgeheimnisse und eine Heldin zwischen zwei Welten: Melissa Darnells mitreißendes Romandebüt!

Wenn zwei Herzen in deiner Brust schlagen und du für deinen Freund zur größten Gefahr werden kannst – was würdest du tun?

Als Kinder waren sie wie Seelenverwandte. Doch auf der Jacksonville High leben sie wie in zwei Welten. Denn Tristan gehört zur elitären Clann-Clique. Und es vergeht kein Schultag, an dem Savannah den Hass der anderen Clanns nicht zu spüren bekommt … Dennoch fühlt sie sich immer noch die besondere Verbindung zu Tristan.
Als plötzlich dunkle Kräfte in Savannah erwachen, offenbart ihr Vater ihr ein erschütterndes Blutsgeheimnis. Jetzt weiß sie, warum die Clanns sie ablehnen und warum sie Tristan nicht lieben darf: Sie alle haben eine magische Gabe, aber Savannah ist anders – und kann für Tristan zur tödlichen Gefahr werden! Und trotzdem siegt Savannahs Sehnsucht, als Tristan sich heimlich mit ihr treffen will …

Deutsche Erstveröffentlichung
</marc:subfield>
   </marc:datafield>
   <marc:datafield ind1=" " ind2=" " tag="020">
      <marc:subfield code="a">9783862785131</marc:subfield>
      <marc:subfield code="9">9783862785131</marc:subfield>
   </marc:datafield>
   <marc:datafield ind1=" " ind2=" " tag="041">
      <marc:subfield code="a">ger</marc:subfield>
   </marc:datafield>
   <marc:datafield ind1=" " ind2=" " tag="300">
      <marc:subfield code="a">396 S.</marc:subfield>
   </marc:datafield>
</marc:record>
